Planes by Picture #2 - Statistics

General Stats
  • This quiz has been taken 559 times
    64 since last reset
  • The average score is 8 of 19
Answer Stats
Picture Answer % Correct
A319
68%
DC-10
66%
Dreamlifter
66%
727
64%
707
62%
A220
62%
A300
53%
Antonov 124
51%
A310
47%
717
43%
Airospace 146
40%
MD-80
38%
ATR42
30%
AN-132
26%
Fokker 100
26%
MD-90
26%
DC-8
23%
DC-9
21%
Bombardier
9%
No matching quizzes found
Score Distribution
Percent of People with Each Score
Percentile by Number Answered
Your Score History
You have not taken this quiz since the last reset